000 00535nam a22001577a 4500
999 _c534702
_d534702
020 _qHard Cover.
082 _a621.3678
100 _aTarar, Tayyeba Ferdous
245 _aModeling Urban Storm Water Runoff and Selection of Harvesting Sites /
_cTayyeba Ferdous Tarar.
260 _aIslamabad:
_bSCEE - NUST,
_c2013.
300 _a78 p. :
_bill. ;
_c30cm.
942 _2ddc
_cTHE
650 _aRemote Sensing and GIS MS. Ph. D-Thesis.
_929023
700 _aDr. Javed Iqbal
_925404